Score 0/15 Timer 04:00
0 Plays Today
Hint 6-letter answer % Correct
The hare thought it was _____ than the tortoiseFASTER
97.8%
Cronkite, Mondale, White or MittyWALTER
90.8%
Waver as a result of ebbing courage or confidenceFALTER
86.3%
The 'W' in George W. BushWALKER
75.3%
Surveyed the opinions of an electoratePOLLED
72.8%
Made a bell ring à la HemingwayTOLLED
70.4%
Worked hard to achieve a goalTOILED
69.2%
How Olympic athletes completed the longest athletics event at London 2012WALKED
68.2%
Hint 6-letter answer % Correct
Shrieked with pain, grief or agonyWAILED
68%
Jerusalem, Dubrovnik, Xi'an and Toledo are all _____ citiesWALLED
66.9%
Followed like a P.I. in pursuit of dirtTAILED
65.6%
Small wheel mounted on the bottom of a large objectCASTER
65%
Mortal son of Tyndareus, king of Sparta, and his wife, Leda. Twin brother of [#15]♊ CASTOR ♊
50.6%
Divine son of Zeus after he raped Leda in the guise of a swan. Twin brother of [#1]♊ POLLUX ♊
45.9%
Latinate medical term for the thumb, or its equivalent in other animalsPOLLEX
44.2%

Today's Daily Dose

Remove Ads.
Support Sporcle.
Get the best of Sporcle when you Go Orange. This ad-free experience offers more features, more stats, and more fun while also helping to support Sporcle. Thank you for becoming a member.

You're not logged in!

Compare scores with friends on all Sporcle quizzes.
OR
Log In

Show Comments

Extras

Top Quizzes Today


Score Distribution

Your Account Isn't Verified!

In order to create a playlist on Sporcle, you need to verify the email address you used during registration. Go to your Sporcle Settings to finish the process.

Report this User

Report this user for behavior that violates our Community Guidelines.

Details: